Thơ Tố Hữu và những lời bình /

Đã lưu trong:
書目詳細資料
其他作者: Mai Hương tuyển chọn và biên soạn
格式: Sách giấy
語言:Vietnamese
出版: H. : Văn hoá thông tin, 2003
主題:
標簽: 添加標簽
沒有標簽, 成為第一個標記此記錄!
Thư viện lưu trữ: Thư viện Trường Đại học Đà Lạt
LEADER 00870nam a2200337 4500
001 DLU040026321
005 ##20040317
040 # # |a DLU  |b vie 
041 # # |a vie 
044 # # |a vn 
082 # # |a 895.922 1  |b Tho 
245 # # |a Thơ Tố Hữu và những lời bình /  |c Mai Hương tuyển chọn và biên soạn 
260 # # |a H. :  |b Văn hoá thông tin,  |c 2003 
300 # # |a 615 tr. ;  |c 20 cm 
653 # # |a Bình luận văn học 
653 # # |a Tố Hữu, 1920-2002 
653 # # |a Thơ 
653 # # |a Văn học hiện đại 
653 # # |a Văn học Việt Nam 
700 # # |a Mai Hương tuyển chọn và biên soạn 
923 # # |a 04/2004 
992 # # |a 61000 
994 # # |a DLU 
900 # # |a True 
911 # # |a Nguyễn Thị Tố Hạnh 
925 # # |a G 
926 # # |a A 
927 # # |a SH 
980 # # |a Thư viện Trường Đại học Đà Lạt